=LDR 00000nam 2200000 4500 =001 INLIS000000000008245 =005 20200227070754 =035 ##$$a 0010-061300000008245 =008 200227################g##########0#ind## =041 ##$$a Ind =082 ##$$a 155.646 =090 ##$$a 155.646, Hop m =100 ##$$a Hopson, Darlene =245 1#$$a Menuju keluarga kompak, : $b 8 Prinsip praktis menjadi orang tua yang sukses /$c Darlene Powell Hopson, Ph.D, Derek S. Hompson, Ph.D; Penerjemah, Lala Herawati Dharma =260 ##$$a Bandung :$b Kaifa,$c 2002 =300 ##$$a 291 hlm, : $b ilus. ; $c 23 x 15 cm. =650 #4$$a Psikologi orang dewasa =020 ##$$a 979-9452-26-0 =084 ##$$a 155.646 HOP m =700 #$$a Derek S. Hompson =700 #$$a Lala Herawati Dharma =990 ##$$a DW00028003 =990 ##$$a DW00028004 =990 ##$$a DW00028005